000 00505nam a2200169Ia 4500
003 OSt
005 20260316103444.0
008 211028s2015 xx 000 0 und d
040 _cAIMIT LIBRARY
041 _aeng
100 _aShetty, Jyothsna M R; Kumar, Rakesh.
_g121717
_94428
110 _aVanitha Kulshekar
_94429
245 _ai-Act mobile delivery platform practice package V 1.0 /
260 _aMangalore
_c2015
710 _aDairy Software Development Society (DSDS)
_94430
942 _2ddc
_cPRO
999 _c217567
_d217567